[Event "400 Stay Safe Play From Home series"]
[Site "Emanuel Lasker Arena"]
[Date "2020.08.21"]
[Round "6"]
[White "Hickey"]
[Black "Mepe_Nika"]
[Result "0-1"]
[WhiteElo "2228"]
[BlackElo "2307"]
[Annotator "TA"]
[PlyCount "132"]
[EventDate "2020.08.21"]
[EventType "swiss (blitz)"]

{[%evp 9,131,-12,0,-4,-2,-27,-4,-4,23,23,27,27,26,6,41,39,77,42,46,15,56,39,53,56,62,58,67,54,110,110,118,110,112,108,141,123,285,283,29993,454,470,326,466,337,465,416,389,396,397,375,377,224,244,221,204,135,181,70,95,28,20,-174,222,228,192,140,250,235,306,0,82,-73,-72,-343,-78,-766,-721,-675,-510,-2103,-603,-464,-40,-1514,-1375,-2421,-2225,-29970,-29971,-29974,-29967,-29978,-29978,-29980,-29981,-29980,-29981,-29984,-29985,-29985,-29985,-29991,-29992,-29992,-29992,-29992,-29993,-29993,-29994,-29994,-29994,-29995,-29995,-29995,-29995,-29995,-29996,-29996,-29997,-29998,-29998,-29998,-29999,-29999]} 1. Nf3 d5 2. b3 Bf5 3. Bb2 e6 4. d3 Nf6 5. Nbd2 Be7 6. e3 {A06: Réti Opening: 1 Nf3 d5.} O-O 7. Be2 {[#]} c5 $146 ({Predecessor:} 7... h6 8. O-O c5 9. Ne5 Bh7 10. f4 Nfd7 11. Ndf3 Nxe5 12. Nxe5 Nd7 13. Qe1 Nxe5 14. fxe5 {0-1 (51) Mrudul,D (2188)-Samant,A (2295) Abu Dhabi 2019}) 8. Nh4 {The position is equal.} Bg6 9. Nxg6 hxg6 10. h4 Nc6 11. h5 gxh5 12. Bxh5 e5 13. Be2 Re8 14. e4 (14. Bf3 {feels hotter.} g6 15. a3 Bf8 16. c4 e4 17. dxe4 d4 18. exd4 Nxd4 19. Kf1) 14... dxe4 15. Nxe4 Nxe4 16. dxe4 Qxd1+ 17. Rxd1 Rad8 18. c3 a6 (18... Rxd1+ $14 19. Kxd1 Rd8+ 20. Kc2 Bg5) 19. Bc4 $16 b5 20. Bd5 Rd6 21. Ke2 Red8 22. Rd3 {[#] Hoping for Rdh3.} Nb8 $2 (22... Bg5 $16 23. Rdh3 Kf8) 23. Rdh3 $18 {[%csl Gh1][%cal Rh3h8]} g6 $2 (23... Rh6 $18 24. Rxh6 gxh6 25. Rxh6 Rd6) 24. Rh7 (24. Rh8+ $142 Kg7 25. R1h7+ Kf6 26. Rxf7+ Kg5 27. Bc1+ Kg4 28. Rh3 Bh4 29. f3+ Kh5 30. Rh7#) 24... Rxd5 25. exd5 Nd7 (25... Bf6 $142 26. c4 Nd7) 26. c4 bxc4 27. bxc4 Bf6 28. R7h3 Nb6 29. Kd3 Rb8 30. Kc2 (30. Bc3 $142) 30... Nxc4 31. Bc3 Na3+ 32. Kd2 Nb5 33. Rb1 (33. a4 $18 Nxc3 34. Rxc3 (34. Kxc3 Rb4 $14)) 33... Rd8 $14 34. Rd3 (34. a4 $16 Rxd5+ 35. Ke1 Nxc3 36. Rxc3) 34... c4 $11 35. Re3 $2 (35. Rh3 $11 {and White has nothing to worry.}) 35... Nxc3 $4 {[%mdl 8192]} (35... Rxd5+ 36. Ke2 $11) (35... Bg5 $19 36. Ba1 Rxd5+ 37. Ke2 Bxe3 38. fxe3 f6) 36. Kxc3 $18 ({But not} 36. Rxc3 $6 Rxd5+ 37. Ke1 Rb5 $16) 36... Rxd5 37. Kxc4 $19 {[%mdl 4096] Endgame KRR-KRB} (37. Rb6 $18 Bg5 38. Re2) 37... Rd2 (37... Rd4+ $16 38. Kc3 Kg7) 38. Rb6 $1 $18 {[%csl LRa6,LRf6]} Rxf2 39. Kb4 $2 ({Don't play} 39. Rxa6 $6 Rf4+ 40. Kc5 Kg7 $18) ({White should play} 39. Rf3 $18 Bh4 40. Rxf2 (40. Rxa6 Rxg2 41. Ra7 Rf2 $16) 40... Bxf2 41. Rxa6) 39... Kg7 (39... Rb2+ $11 40. Kc5 Be7+ 41. Kc6 Rxa2) 40. Ka4 $2 (40. Rxa6 $16 {and life is bright.} Rb2+ 41. Kc4) 40... Rxa2+ $17 41. Kb4 $2 {[%mdl 8192]} (41. Kb3 $17 {was forced.} Rxg2 42. Rxa6) 41... Rxg2 $2 (41... Be7+ $19 {and Black stays clearly on top.} 42. Kc4 Ra4+ 43. Kd5 Ra5+ 44. Kc4 Bc5 {[%mdl 64] Double Attack} 45. Rxa6 Rxa6 46. Kxc5 Ra2) 42. Ka5 $2 {[%mdl 8192]} (42. Rxa6 $17 Rg4+ 43. Kb3) 42... Ra2+ 43. Kb4 Rb2+ 44. Ka5 {[#]} (44. Rb3 $142 Ra2 45. Rb1) 44... Rxb6 (44... Bd8 $142 $1 45. Rxe5 Bxb6+ 46. Kxa6 f5 47. Re7+ Kf6) 45. Kxb6 $19 {KR-KB} Be7 $2 ({Better is} 45... g5 $19 {And now ...Kg6 would win.} 46. Kc5 Kg6) 46. Kxa6 $2 {[%mdl 8192]} (46. Rxe5 $15 Kf6 47. Re1) 46... Kf6 47. Kb5 Ke6 48. Rf3 f5 {Black mates.} 49. Re3 Bf6 50. Rd3 g5 51. Rc3 f4 52. Rc6+ Kf5 53. Rc5 g4 54. Rc6 g3 55. Rxf6+ Kxf6 {KP-KP} 56. Kc5 Kf5 57. Kd5 g2 58. Kc5 g1=Q+ 59. Kd5 Qd4+ 60. Kc6 e4 61. Kb7 e3 62. Kc7 e2 63. Kb7 e1=Q 64. Kc7 Qec3+ 65. Kb7 Qdb4+ 66. Ka8 Qca3# {Accuracy: White = 37%, Black = 44%.} 0-1

[Event "400 Stay Safe Play From Home series"]
[Site "Emanuel Lasker Arena"]
[Date "2020.08.21"]
[Round "6"]
[White "MihailoVujic"]
[Black "Stefanone"]
[Result "1-0"]
[WhiteElo "2194"]
[BlackElo "1985"]
[Annotator "TA"]
[PlyCount "107"]
[EventDate "2020.08.21"]
[EventType "swiss (blitz)"]

{[%evp 9,106,92,83,74,78,4,54,52,154,156,130,87,100,80,83,61,61,-192,39,45,39,35,133,75,135,122,250,254,229,234,679,146,474,270,281,145,676,714,704,676,547,456,437,429,740,720,640,619,594,459,457,448,2840,2397,2320,2223,1707,1394,2371,1773,6621,3838,29974,29975,29975,29976,29976,29977,29976,29970,29979,29980,29983,29984,29984,29985,29985,29984,29983,29984,29984,29985,29986,29986,29988,29989,29988,29989,29990,29991,29994,29995,29997,29997,29997,29997,29998,29999,29999]} 1. e4 e6 2. d4 d5 3. Nc3 c6 4. Nf3 f5 5. e5 c5 {[#]} 6. dxc5 $146 {B15: Caro-Kann: 3 Nc3: 3...g6 and 3...dxe4 4 Nxe4 Nf6 5 Nxf6+ exf6.} ({Predecessor:} 6. Ne2 Nc6 7. c3 Bd7 8. Be3 Qc7 9. a3 c4 10. Nf4 Be7 11. Ng5 Bxg5 12. Qh5+ {1-0 (32) Sarana,A (2261)-Ostrikov,G (2050) Dombai 2013}) 6... Bxc5 7. Bf4 (7. Na4 $16) 7... Bf8 (7... Bd7 {with more complications.} 8. Qd2 Ne7 9. a3 a6 10. h4 Nbc6) 8. Bd3 {White is slightly better.} (8. Be2 {looks sharper.} Nc6 9. O-O a6 10. Be3 b5 11. h4) 8... Nh6 ({Black should try} 8... Nc6 $14) 9. Bxh6 $16 gxh6 10. Qd2 Bg7 11. O-O-O O-O 12. h3 Nc6 13. g4 $2 {[%mdl 8192]} (13. Rde1 $14 {stays ahead.}) 13... Nxe5 $2 (13... fxg4 $19 14. Nh2 Nxe5 15. Nxg4 Nf3) 14. Nxe5 $14 Bxe5 15. gxf5 exf5 {[#] Black is on the road to losing.} (15... Bg7 $14) 16. Qxh6 (16. Bc4 $142 $1 {[%mdl 512] And now Qe3 would win.} Kh8 (16... dxc4 17. Qxd8) 17. f4 (17. Nxd5 f4 $14) (17. Qxd5 Qxd5 18. Nxd5 b5 $14) (17. Qxh6 Bg7 $14) (17. Bxd5 f4 $11)) 16... Bg7 {[#]} (16... Kh8 $142) 17. Rhg1 $1 $16 {[%csl Gg1][%cal Rh6g7][%mdl 512]} Qf6 (17... Rf7 $16) 18. Qxf6 $18 Rxf6 19. Nxd5 Rd6 $2 (19... Rf8 20. Rde1 Kh8) 20. Ne7+ $2 (20. Nc7 $18 Rc6 21. Nxa8) 20... Kf7 $2 {[%mdl 8192]} (20... Kf8 $16) 21. Nxf5 (21. Bc4+ $142 Be6 22. Rxd6 Bxc4 23. Nxf5) 21... Bxf5 22. Bxf5 ({Only move:} 22. Bc4+ $18 Re6 23. Rd7+ {[%mdl 64] Double Attack} Kf6 24. Rdxg7 (24. Rgxg7 Re1+ {[%mdl 64] Discovered Attack} 25. Kd2 Bxd7 $16)) 22... Rf6 $2 {[%mdl 8192]} (22... Rxd1+ $16 23. Rxd1 Re8) 23. Rd7+ {[%mdl 64] Double Attack} Ke8 24. Rgxg7 {White wants to mate with Rge7+.} Rxf5 {[%mdl 4096] Endgame KRR-KRR} 25. Rde7+ Kf8 26. Rxb7 Rxf2 (26... a5 $142 27. Rxh7 Kg8 28. Rbg7+ Kf8) 27. Rxh7 {[%cal Rh7h8]} Kg8 28. Rbg7+ Kf8 29. Rh8+ Kxg7 30. Rxa8 {KR-KR} Rh2 (30... Rf7 $142 31. b3 Kf6) 31. Rxa7+ Kf6 32. b4 Ke5 33. Kb2 Kd5 34. Rc7 Rxh3 35. Rc5+ Kd6 36. a4 {White mates.} Rh1 37. c3 Rh2+ 38. Kb3 Rh1 39. Kc4 Rb1 40. Kb5 Ra1 41. a5 Kd7 42. a6 Kd6 43. Rc6+ Kd5 44. c4+ Kd4 45. Kb6 Rb1 46. b5 Kc3 47. a7 Ra1 48. Kb7 Rb1 49. a8=Q Rxb5+ 50. cxb5+ Kb4 51. b6 Kb5 52. Kc7 Kb4 53. b7 {[%cal Rb7b8]} Kb5 54. b8=Q# {Accuracy: White = 58%, Black = 34%.} 1-0

[Event "400 Stay Safe Play From Home series"]
[Site "Emanuel Lasker Arena"]
[Date "2020.08.21"]
[Round "6"]
[White "Schachwerk_64"]
[Black "GIULIO19031975"]
[Result "0-1"]
[WhiteElo "1989"]
[BlackElo "1787"]
[Annotator "NA RC"]
[PlyCount "82"]
[EventDate "2020.08.21"]
[EventType "swiss (blitz)"]

1. g3 {[%emt 0:00:02]} d5 {[%emt 0:00:07]} 2. Bg2 {[%emt 0:00:00]} Nc6 {[%emt 0:00:02]} 3. c4 {[%emt 0:00:00]} dxc4 {[%emt 0:00:01]} 4. Nc3 {[%emt 0:00:01]} Nf6 {[%emt 0:00:00]} 5. Qa4 {[%emt 0:00:01]} Bd7 {[%emt 0:00:01]} 6. Qxc4 {[%emt 0:00:01]} e6 {[%emt 0:00:01]} 7. d3 {[%emt 0:00:01]} Bb4 {[%emt 0:00:01]} 8. Bg5 {[%emt 0:00:01]} Bxc3+ {[%emt 0:00:00]} 9. Qxc3 {[%emt 0:00:01]} O-O {[%emt 0:00:00]} 10. Bxf6 {[%emt 0:00:01]} Qxf6 {[%emt 0:00:01]} 11. Qxf6 {[%emt 0:00:00]} gxf6 {[%emt 0:00:00]} 12. Nf3 {[%emt 0:00:01]} e5 {[%emt 0:00:01]} 13. Nh4 {[%emt 0:00:01]} Kg7 {[%emt 0:00:01]} 14. e4 {[%emt 0:00:01]} Nd4 {[%emt 0:00:01]} 15. O-O {[%emt 0:00:02]} Rg8 {[%emt 0:00:02]} 16. Rfc1 {[%emt 0:00:02]} c6 {[%emt 0:00:01]} 17. b4 {[%emt 0:00:01]} Ne2+ {[%emt 0:00:01]} 18. Kf1 {[%emt 0:00:01]} Nxc1 {[%emt 0:00:00]} 19. Rxc1 {[%emt 0:00:02]} Be6 {[%emt 0:00:00]} 20. a4 {[%emt 0:00:02]} Rad8 {[%emt 0:00:02]} 21. b5 {[%emt 0:00:01]} cxb5 {[%emt 0:00:01]} 22. axb5 {[%emt 0:00:01]} Rxd3 {[%emt 0:00:02]} 23. Rc7 {[%emt 0:00:00]} Rd7 {[%emt 0:00:01]} 24. Rc5 {[%emt 0:00:02]} b6 {[%emt 0:00:01]} 25. Rc6 {[%emt 0:00:01]} Rd4 {[%emt 0:00:03]} 26. Nf5+ {[%emt 0:00:01]} Kg6 {[%emt 0:00:03]} 27. Rc7 {[%emt 0:00:01]} Bxf5 {[%emt 0:00:02]} 28. exf5+ {[%emt 0:00:02]} Kxf5 {[%emt 0:00:00]} 29. Rxa7 {[%emt 0:00:01]} Rgd8 {[%emt 0:00:01]} 30. Bh3+ {[%emt 0:00:03]} Kg6 {[%emt 0:00:01]} 31. Rb7 {[%emt 0:00:01]} e4 {[%emt 0:00:01]} 32. Rxb6 {[%emt 0:00:01]} Rd1+ {[%emt 0:00:01]} 33. Ke2 {[%emt 0:00:01]} R8d2+ {[%emt 0:00:00]} 34. Ke3 {[%emt 0:00:01]} Rb2 {[%emt 0:00:03]} 35. Kxe4 {[%emt 0:00:03]} Re1+ {[%emt 0:00:01]} 36. Kf3 {[%emt 0:00:01]} Ree2 {[%emt 0:00:01]} 37. Bd7 {[%emt 0:00:06]} Rxf2+ {[%emt 0:00:00]} 38. Kg4 {[%emt 0:00:00]} h5+ {[%emt 0:00:01]} 39. Kh4 {[%emt 0:00:02]} Rxh2+ {[%emt 0:00:00]} 40. Bh3 {[%emt 0:00:02]} Rb4+ {[%emt 0:00:00]} 41. g4 {[%emt 0:00:01]} Rxg4# {[%emt 0:00:03] (Lag: Av=0.53s, max=0.9s) (Lag: Av=0.53s, max=0.9s) (Lag: Av=0.53s, max=0.9s)} 0-1

[Event "400 Stay Safe Play From Home series"]
[Site "Emanuel Lasker Arena"]
[Date "2020.08.21"]
[Round "6"]
[White "Lazieri3"]
[Black "NTBT_DHS"]
[Result "1-0"]
[WhiteElo "1954"]
[BlackElo "2534"]
[Annotator "TA"]
[PlyCount "59"]
[EventDate "2020.08.21"]
[EventType "swiss (blitz)"]

{[%evp 9,59,-21,-17,-34,13,-44,-24,-35,-14,-24,-17,-45,2,6,63,58,80,72,148,150,378,375,697,686,668,647,855,856,1013,814,988,949,1558,1503,1398,932,880,794,772,594,602,558,1435,1434,1368,1352,1224,1195,29995,2201,29992,29993]} 1. e4 g6 2. Nc3 Bg7 3. d3 d6 4. Nf3 c5 5. Bf4 Nc6 6. Qd2 {[#] B06: Modern Defence.} b5 $146 ({Predecessor:} 6... Nd4 7. Nxd4 cxd4 8. Ne2 Qb6 9. O-O-O a5 10. h3 Be6 11. a3 Nf6 12. c4 dxc3 13. Nxc3 Rc8 14. Kb1 O-O 15. Rc1 Qb3 16. e5 Nd5 17. Ka1 Nxc3 18. Rxc3 Qa2# {0-1 (18) Lohr,T (1203)-Kainz,J (2005) Playchess.com INT 2020}) 7. a3 (7. Nxb5 $11 Bxb2 8. Rb1) 7... Rb8 8. Be2 {Black has an edge.} a5 9. Be3 Nf6 10. Bh6 Bxh6 (10... O-O {is more complex.} 11. h3 Nd4 12. Bxg7 Kxg7 13. O-O e5) 11. Qxh6 b4 (11... e5 $11) 12. axb4 axb4 13. Nd5 $36 {[%mdl 2048] And now Qg7 would win. Keeping Black busy.} Nxd5 ({Black should play} 13... Be6) 14. exd5 Na5 $2 {Black cannot hold the game after this.} (14... Ne5 $16 {was called for.} 15. O-O f6) 15. Ng5 $18 e5 $2 {[#]} (15... Kd7 16. Qg7 Qf8 17. Qxf8 Rxf8 18. Rxa5 h6) 16. Qg7 $1 {[%csl Gg5][%cal Rg7f7][%mdl 576] Double Attack} Qxg5 17. Qxh8+ Ke7 18. Rxa5 Qc1+ 19. Bd1 b3 20. Ra7+ Bd7 21. Qxb8 {[#] Threatening mate with Qc8.} bxc2 22. Rxd7+ Kxd7 23. Qb7+ Ke8 24. Qc6+ Ke7 {[%csl Gc1][%cal Rc2d1]} 25. Qc7+ Kf6 {[%csl Gc1][%cal Rc2d1]} 26. Qxd6+ Kg7 27. Qxe5+ f6 28. Qe7+ Kh6 29. Qe2 (29. Qf8+ $142 Kg5 30. h4+ Kf5 31. Qc8+ Kf4 32. Qc7+ {[%mdl 64] Double Attack} Kf5 33. g4#) 29... Qe3 30. Qxe3+ {Accuracy: White = 75%, Black = 24%.} 1-0

[Event "400 Stay Safe Play From Home series"]
[Site "Emanuel Lasker Arena"]
[Date "2020.08.21"]
[Round "6"]
[White "Yuriko"]
[Black "Buzaglo"]
[Result "0-1"]
[WhiteElo "1943"]
[BlackElo "1836"]
[Annotator "TA"]
[PlyCount "106"]
[EventDate "2020.08.21"]
[EventType "swiss (blitz)"]

{[%evp 9,106,6,31,38,40,21,67,63,75,8,39,13,59,48,67,52,62,50,75,13,79,54,43,-63,-55,-47,-50,-62,-41,-159,-111,-111,-110,-144,-132,-164,-176,-176,-176,-176,-176,-178,-176,-176,-176,-176,-173,-239,-176,-339,-176,-176,-156,-190,-163,-163,-163,-163,-163,-163,-163,-163,-163,-163,-163,-248,-223,-223,-223,-223,-223,-223,-223,-223,-223,-223,-223,-223,-223,-223,-216,-216,-53,-1579,-1318,-29978,-29980,-29981,-29982,-29982,-29983,-29983,-29984,-29982,-29981,-29967,-5728,-29993,-29994]} 1. d4 e6 2. c4 d5 3. Nc3 Nf6 4. Nf3 Bb4 5. e3 Bxc3+ 6. bxc3 {D38: Queen's Gambit Declined: Ragozin Defence (4 Nf3 Bb4).} O-O 7. Qc2 dxc4 8. Bxc4 {[#] White is slightly better.} c5 $146 ({Predecessor:} 8... Nc6 9. O-O b6 10. e4 Bb7 11. e5 Nd5 12. Ng5 g6 13. Ne4 Re8 14. Bxd5 Rf8 15. Nf6+ Kh8 16. Qd2 exd5 17. Qh6 {1-0 (17) Bouslimi,N (1738)-Kovac,P Split 2015}) 9. Bb3 (9. O-O $16) 9... cxd4 $11 10. cxd4 Nc6 11. O-O Bd7 12. Ba3 Re8 13. Qd3 Na5 14. Bc2 (14. Rfc1 $16) 14... g6 (14... Bc6 $11 {remains equal.}) 15. Ne5 a6 {With the idea ...Bb5.} 16. Rab1 (16. Rfc1 $14) 16... Bb5 $1 $15 {[%cal Rb5d3]} 17. Rxb5 axb5 18. Qxb5 Nc6 19. Bb2 ({Better is} 19. Nc4 $1 $15) 19... Nxe5 20. dxe5 Nd5 21. a4 Qb6 22. Bd3 {e4 would now be nice for White.} Qxb5 23. Bxb5 Rec8 24. Bd4 Rc2 25. g3 Nc3 26. Bxc3 Rxc3 $19 {[%mdl 4096] Endgame KRR-KRB} 27. Kg2 Rd8 28. h4 (28. Kf3 $142) 28... Rd2 {Hoping for ...Rxe3.} 29. g4 $2 {[#]} (29. Kf3) 29... Rcc2 (29... Rxe3 $142 30. Rc1 h5 31. gxh5 gxh5) 30. Kf3 Kg7 31. g5 h6 32. gxh6+ Kxh6 33. Kg3 Rb2 34. Be8 Kg7 35. Bb5 Rdc2 36. Bd7 Rc5 37. Kf4 (37. f4 $142) 37... Rb4+ 38. e4 Rcc4 39. f3 Rc3 40. Bb5 Rbb3 41. Rf2 Ra3 42. Kg4 Rc5 43. Kf4 Rb3 44. Be8 Rb4 45. Bb5 Rcxb5 $2 ({Black should play} 45... Rc1 $19 46. Rd2 Rc3) 46. h5 $2 {[%mdl 8192] White does not recover from this.} (46. axb5 $15 Rxb5 47. Rg2) 46... Ra5 47. h6+ Kxh6 48. Rh2+ Kg7 49. Rc2 Raxa4 50. Rc3 Rc4 51. Rd3 Rd4 52. Rb3 Rac4 (52... Rab4 $142 53. Re3 Rdc4 54. Kg3 Rb1 55. f4 b5 56. f5 exf5 57. exf5 gxf5 58. Kg2 b4 59. Rd3 b3 60. Rg3+ Kf8 61. Rd3 Rc2+ 62. Kg3 Rg1+ 63. Kf3 b2 64. Rb3 {[#]} Rc3+ $1 {[%mdl 576] Promotion} 65. Rxc3 b1=Q 66. Rc8+ Kg7 67. Rg8+ Kxg8 68. Ke3 Qe4+ {[%mdl 64] Double Attack} 69. Kd2 Qf3 70. Kc2 Rg2+ 71. Kc1 Qf1#) 53. Rc3 Rxc3 {Accuracy: White = 55%, Black = 71%.} 0-1

[Event "400 Stay Safe Play From Home series"]
[Site "Emanuel Lasker Arena"]
[Date "2020.08.21"]
[Round "6"]
[White "NIK-MCS1"]
[Black "Mischu64"]
[Result "1-0"]
[WhiteElo "1691"]
[BlackElo "1615"]
[Annotator "NA RC"]
[PlyCount "63"]
[EventDate "2020.08.21"]
[EventType "swiss (blitz)"]

{Klyushkin, Nikolai} 1. b3 {[%emt 0:00:03]} d6 {[%emt 0:00:03]} 2. Bb2 {[%emt 0:00:00]} e5 {[%emt 0:00:00]} 3. e3 {[%emt 0:00:00]} Be6 {[%emt 0:00:01]} 4. Nf3 {[%emt 0:00:00]} Nc6 {[%emt 0:00:00]} 5. d4 {[%emt 0:00:01]} f6 {[%emt 0:00:00]} 6. d5 {[%emt 0:00:02]} Bf5 {[%emt 0:00:01]} 7. dxc6 {[%emt 0:00:01]} bxc6 {[%emt 0:00:00]} 8. Be2 {[%emt 0:00:01]} Ne7 {[%emt 0:00:02]} 9. c4 {[%emt 0:00:00]} Qd7 {[%emt 0:00:03]} 10. O-O {[%emt 0:00:00]} h6 {[%emt 0:00:01]} 11. Nbd2 {[%emt 0:00:00]} g5 {[%emt 0:00:01]} 12. h3 {[%emt 0:00:00]} Rg8 {[%emt 0:00:01]} 13. Nh2 {[%emt 0:00:02]} Bxh3 {[%emt 0:00:05]} 14. e4 {[%emt 0:00:00]} Bxg2 {[%emt 0:00:06]} 15. Kxg2 {[%emt 0:00:02]} g4 {[%emt 0:00:02]} 16. Kh1 {[%emt 0:00:01]} g3 {[%emt 0:00:02]} 17. fxg3 {[%emt 0:00:03]} Rxg3 {[%emt 0:00:01]} 18. Rf2 {[%emt 0:00:01]} Qh3 {[%emt 0:00:04]} 19. Qf1 {[%emt 0:00:03]} Qh4 {[%emt 0:00:05]} 20. Ndf3 {[%emt 0:00:01]} Qf4 {[%emt 0:00:10]} 21. Nd4 {[%emt 0:00:06]} Qxe4+ {[%emt 0:00:04]} 22. Bf3 {[%emt 0:00:04]} Rxf3 {[%emt 0:00:01]} 23. Rxf3 {[%emt 0:00:02]} exd4 {[%emt 0:00:01]} 24. Qd3 {[%emt 0:00:03]} Qxd3 {[%emt 0:00:01]} 25. Rxd3 {[%emt 0:00:02]} O-O-O {[%emt 0:00:00]} 26. Bxd4 {[%emt 0:00:01]} c5 {[%emt 0:00:01]} 27. Bxf6 {[%emt 0:00:02]} Nc6 {[%emt 0:00:00]} 28. Be7 {[%emt 0:00:00]} Bxe7 {[%emt 0:00:01]} 29. Rad1 {[%emt 0:00:01]} Re8 {[%emt 0:00:01]} 30. Nf3 {[%emt 0:00:00]} Ne5 {[%emt 0:00:01]} 31. Rd5 {[%emt 0:00:02]} Nxf3 {[%emt 0:00:01]} 32. Rf1 {[%emt 0:00:00] Zeit Zeit Zeit (Lag: Av=0.63s, max=1.0s) (Lag: Av=0.63s, max=1.0s) (Lag: Av=0.63s, max=1.0s)} 1-0

[Event "400 Stay Safe Play From Home series"]
[Site "Emanuel Lasker Arena"]
[Date "2020.08.21"]
[Round "6"]
[White "Trotsky"]
[Black "Oscolucano"]
[Result "1-0"]
[WhiteElo "1583"]
[BlackElo "1119"]
[Annotator "NA RC"]
[PlyCount "65"]
[EventDate "2020.08.21"]
[EventType "swiss (blitz)"]

1. d4 {[%emt 0:00:01]} d5 {[%emt 0:00:01]} 2. e3 {[%emt 0:00:00]} c5 {[%emt 0:00:03]} 3. c4 {[%emt 0:00:01]} cxd4 {[%emt 0:00:01]} 4. exd4 {[%emt 0:00:01]} e6 {[%emt 0:00:01]} 5. Be3 {[%emt 0:00:01]} Nf6 {[%emt 0:00:01]} 6. Nc3 {[%emt 0:00:01]} a6 {[%emt 0:00:01]} 7. Qc2 {[%emt 0:00:01]} dxc4 {[%emt 0:00:01]} 8. Bxc4 {[%emt 0:00:01]} b5 {[%emt 0:00:01]} 9. Bd3 {[%emt 0:00:01]} Bb7 {[%emt 0:00:02]} 10. f3 {[%emt 0:00:02]} Nbd7 {[%emt 0:00:01]} 11. a3 {[%emt 0:00:02]} Rc8 {[%emt 0:00:01]} 12. h4 {[%emt 0:00:01]} b4 {[%emt 0:00:01]} 13. axb4 {[%emt 0:00:01]} Bxb4 {[%emt 0:00:02]} 14. Nh3 {[%emt 0:00:01]} Nd5 {[%emt 0:00:02]} 15. Bd2 {[%emt 0:00:02]} Bxc3 {[%emt 0:00:02]} 16. bxc3 {[%emt 0:00:01]} Qxh4+ {[%emt 0:00:04]} 17. Nf2 {[%emt 0:00:02]} Qg3 {[%emt 0:00:06]} 18. Rh3 {[%emt 0:00:04]} Qxg2 {[%emt 0:00:01]} 19. Rh1 {[%emt 0:00:05]} N7f6 {[%emt 0:00:06]} 20. Rf1 {[%emt 0:00:03]} Nb4 {[%emt 0:00:04]} 21. Qb1 {[%emt 0:00:02]} Nxd3+ {[%emt 0:00:01]} 22. Qxd3 {[%emt 0:00:01]} Bxf3 {[%emt 0:00:02]} 23. Nh1 {[%emt 0:00:07]} Be4 {[%emt 0:00:01]} 24. Qe2 {[%emt 0:00:03]} Qxe2+ {[%emt 0:00:04]} 25. Kxe2 {[%emt 0:00:01]} O-O {[%emt 0:00:01]} 26. Rf4 {[%emt 0:00:03]} Bd5 {[%emt 0:00:01]} 27. Rh4 {[%emt 0:00:02]} h6 {[%emt 0:00:02]} 28. Ng3 {[%emt 0:00:01]} g5 {[%emt 0:00:01]} 29. Rh3 {[%emt 0:00:02]} Kg7 {[%emt 0:00:02]} 30. Rah1 {[%emt 0:00:01]} Rh8 {[%emt 0:00:02]} 31. Nh5+ {[%emt 0:00:01]} Kg6 {[%emt 0:00:01]} 32. Ng3 {[%emt 0:00:01]} h5 {[%emt 0:00:01]} 33. Bxg5 {[%emt 0:00:01] Tempo Tempo Tempo (Lag: Av=0.42s, max=0.9s) (Lag: Av=0.42s, max=0.9s) (Lag: Av=0.42s, max=0.9s)} 1-0

[Event "400 Stay Safe Play From Home series"]
[Site "Emanuel Lasker Arena"]
[Date "2020.08.21"]
[Round "7"]
[White "NTBT_DHS"]
[Black "Yuriko"]
[Result "1-0"]
[WhiteElo "2501"]
[BlackElo "1921"]
[Annotator "TA"]
[PlyCount "85"]
[EventDate "2020.08.21"]
[EventType "swiss (blitz)"]

{[%evp 9,85,47,56,39,51,52,50,42,37,55,104,88,100,75,115,77,149,109,149,150,154,149,225,169,176,113,117,85,113,19,139,146,208,198,243,211,225,222,220,165,251,239,288,289,289,266,370,316,454,398,510,475,691,422,1120,1116,1260,1213,1440,1372,1429,1433,1474,1461,1444,1357,4264,4030,29985,29986,29987,29988,29990,29989,29989,29990,29991,29990]} 1. e4 c5 2. Nf3 e6 3. c3 a6 4. d4 cxd4 5. cxd4 d5 6. e5 {B28: Sicilian: 2 Nf3 a6 (O'Kelly Variation).} Ne7 7. Nc3 Nf5 8. Bd3 {[#] White is slightly better.} Be7 $146 ({Predecessor:} 8... Nc6 9. Ne2 Bb4+ 10. Bd2 Nh4 11. Nxh4 Qxh4 12. O-O Bxd2 13. Qxd2 Bd7 14. Bc2 Qe7 15. a3 O-O 16. Rac1 Rac8 17. f4 f5 18. Rf3 Rc7 19. Rc3 Rfc8 20. Bd3 Be8 21. b4 Na7 22. Rc5 Bb5 23. Bxb5 Nxb5 24. Qd3 {½-½ (24) Steinke,R (2253)-Novak,J (2278) LSS email 2013}) 9. g4 Nh6 10. h3 Nc6 11. Be3 b5 12. Qd2 b4 (12... Ng8 $142) 13. Ne2 Bd7 14. Bxh6 gxh6 15. Qxh6 Qa5 (15... b3 $16 {was necessary.}) 16. b3 O-O-O 17. Qf4 (17. Ng5 $18 Bxg5 18. Qxg5) 17... Rdf8 $16 18. Qd2 Kb7 19. Ng3 (19. g5 $16) 19... Qa3 {White stays focused until the end.} (19... f6 $11 {keeps the balance.}) 20. Nh5 h6 {[#]} (20... Na7 $16 21. O-O Bb5) 21. Nf6 $1 $18 {[%cal Rf6d7]} Bc8 22. h4 Bxf6 23. exf6 Qa5 24. O-O-O Qb6 (24... e5 $142) 25. g5 Ka7 26. Bc2 Bd7 27. Ne5 Be8 28. f4 Na5 (28... Nxe5 {is a better defense.} 29. fxe5 hxg5) 29. Kb1 Bb5 30. Bd3 Qb7 (30... Qxd4 $142 31. Bxb5 Qxd2 32. Rxd2 axb5) 31. Qxb4 Rb8 (31... Bxd3+ $142 32. Nxd3 Qxb4 33. Nxb4 Rb8) 32. Qxa5 Bxd3+ 33. Nxd3 Qd7 {[#]} 34. Qxa6+ $3 {[%mdl 576] Decoy} Kxa6 35. Nc5+ {[%mdl 64] Double Attack} Kb5 36. Nxd7 Rb7 37. Nc5 Ra8 38. Nxb7 Kb6 39. Nd6 {White mates.} Kc6 40. Nxf7 Kd7 41. g6 e5 42. h5 e4 43. f5 {Accuracy: White = 55%, Black = 28%.} 1-0